Quizzes
Events
Quiz Creation
Community
Videos
Private Events
Remove Ads
Sign In
Join for FREE
Feedback
Dark Mode
Quiz Categories
Sports
Geography
Music
Movies
Television
Just For Fun
Miscellaneous
History
Literature
Language
Science
Gaming
Entertainment
Religion
Holiday
For Kids
Quiz Lab
Recent
Popular Today
Quiz Kudos Today
Editor Picks
Curator Picks
Quizzes by...
Day
Popularity
Type
Ratings
Length
Year
Community
Subscriptions
Recent Discussions
Orange Saloon
Badges
Playlists
Quests
Create
Leaderboards
Showdown
Live 5
Trivia Bingo
Activity
Puzzle Library
Sporcle Events
Private Events
Virtual Trivia
Globe League
Become a Host
Pub Owners
SporcleCon
Opinionation
Our Games
Videos
Blog
Mobile Apps
Partnerships
Remove Ads and Go Orange
Feedback
Geography
Country
Landmarks
City
State
Population
World
Capital
Continent
Flags
Europe
Africa
Asia
South America
North America
Oceania
Border
Canada
United Kingdom
Topography
United States
Geography
Country
Landmarks
City
State
Population
World
Capital
Continent
Flags
Europe
Africa
Asia
South America
North America
Oceania
Border
Canada
United Kingdom
Topography
United States
Random Quiz
Search Sporcle
×
Quiz Lab
Quiz Lab
Geography
City
Type in answers that appear in a list
Type in answers that appear in a list
Classic
Best Score? Go Orange.
Top 25 destinations from Belfast City Airport in 2010 Stats
Can you name the Top 25 destinations from Belfast City Airport in 2010?
By
angularity
10m
25 Questions
175 Plays
175 Plays
175 Plays
Comments
Comments
Give Quiz Kudos
Give Quiz Kudos
-
- Ratings
hide this ad
More Info
Replay
Link that replays current quiz
Next Quiz
Link to next quiz in quiz playlist
You Got
0%
They Got
Avg Score
61%
Avg Friend Score
Upgrade to see
Score Distribution
Jump to the score distribution portion of the page
Score
0/25
Timer
10:00
0
Plays Today
Ranking
Airport
% Correct
3
Manchester
92%
1
London Heathrow
90.9%
11
Glasgow
89.1%
10
Edinburgh
86.9%
4
London Gatwick
85.7%
6
Liverpool
84.6%
17
Paris Charles de Gaulle
80%
5
Birmingham
75.4%
8
London Luton
75.4%
2
London Stansted
73.1%
15
Newcastle
71.4%
13
Leeds Bradford
66.9%
16
Cardiff
66.3%
Ranking
Airport
% Correct
9
Bristol
62.3%
19
Aberdeen
62.3%
12
Southampton
59.4%
7
East Midlands
57.1%
21
Cork
56.6%
24
Isle of Man
43.4%
20
Inverness
42.9%
23
Dundee
36.6%
18
Doncaster Sheffield
32.6%
22
Blackpool
25.1%
14
Prestwick
24.6%
25
Salzburg
8%
Quiz Playlist
Details
Report
Send in Message
Add To Playlist
More Info:
For cities connected to Belfast City via multiple airports you must specify the individual airport, not just the city.
Classic:
Type in answers that appear in a list
Last Updated: Feb 16, 2017
Quiz Scoreboard
CHALLENGE
Sign Up to Join the Scoreboard
Show All
Scores
Hide
Comments
May contain spoilers
Recently Published
College Basketball Coaching Resumes
by pancakes188
Sports
9m
Billboard Blitz: Fleetwood Mac
by CooCooCachoo
Music
15s
Presidents Visiting Landmarks
by Hejman
History
7m
More to Explore
Quiz From the Vault
Featured Blog Post
Where Did the Easter Bunny Come From?
hide this ad
You Might Also Like...
Tags
City Quiz
2010
airport
destination
election
Passenger
Top 25
Today's Top Quizzes in Geography
Browse Geography
hide this ad
Today's Top Quizzes in City
Browse City
Top Contributed Quizzes in Geography
1
Countries of the World - No Outlines Minefield
2
Top 25 Cities of France on a map
3
Any capital of a 'B' country per Continent
4
Any capital of a 'C' country per Continent
5
Closest Countries to UK A-Z
6
Any capital of a 'D' country per Continent
7
5-to-1: US Geography No Hints
8
Any capital of an 'E' country per Continent
9
Click the Alabama Counties! (Map)
10
One Thing in Common: United Kingdom
Explore More
Trending Topics
Marvel
NBA
Kpop
Disney
Crossword
Anime
Harry Potter
Country
Pokémon
The Office
NFL
Song
WWE
Soccer
Puzzle
hide this ad
More By:
angularity
Quiz
Plays
Rating
Category
Featured
Created
London Heathrow Airport's Top 100 destinations in 2010
8,446
4.56
Geography
Aug 20, 2011
Heathrow's Top 50 busiest routes
7,586
4.26
Geography
Sep 28, 2009
Top 300 airport destinations from the UK in 2011
7,350
4.73
Geography
Mar 10, 2012
Top 100 most flown to airports from the UK in 2010
6,592
4.62
Geography
May 29, 2011
Top flown to countries from UK's airports
3,018
4.31
Geography
Sep 25, 2011
Go to Creator's Profile
Score Distribution
Quiz Creator Spotlight
angularity
Follow
Send a Message
Quizzes Created
-
Created Quiz Play Count
-
More By This Creator
Popular Quizzes Today
1
Find the US States - No Outlines Minefield
2
Find the Countries of Europe - No Outlines Minefield
3
The Countries of the World
4
Find the US States
5
Risky Map Clicking: Biggest States A-Z
6
US States
7
Popular People in 1961
8
Movies - When Are They Set?
More Geography Quizzes
European conflicts on a map 2
Curator's Pick
Trending Quizzes
Risky Map Clicking: Least Populous States A-Z
1-10 Letter G Words
1-10 Letter F Words
Risky Map Clicking: Next State Alphabetically
Risky Map Clicking: Biggest States A-Z
Recently Updated
Leaping Animals
pecheneg
Reality TV Shows (A-Z)
bhenderson79
Rickey Henderson's Hall of Fame Teammates
pecheneg
Champions League XIs: Arsenal
pecheneg
Quick Pick: Celebrities in WWE's Hall of Fame
aduchscher
A-Z Keypad Blitz II
pecheneg
Multiple Oscar Actors
pecheneg
Mystery Phrase Blitz: Oscar 'Best Actors'
pecheneg
F. Scott Fitzgerald Novels
LTH
Pick 3 Villains
ddd62291
Trending Topics
Disney
Crossword
Anime
NBA
Kpop
Marvel
Harry Potter
WWE
Puzzle
The Office
Country
NFL
Soccer
Pokémon
Song
Your Account Isn't Verified!
In order to create a playlist on Sporcle, you need to verify the email address you used during registration. Go to your
Sporcle Settings
to finish the process.
Report this User
Report this user for behavior that violates our
Community Guidelines
.
Details:
Send Report
Go to the Sporcle.com Mobile Site →
Comments